[Event "Titled Tue 24th Jun Late"]
[Site "chess.com INT"]
[Date "2025.06.24"]
[Round "3"]
[White "Ponizil, Cyril"]
[Black "Nayak, Rajesh"]
[Result "1-0"]
[WhiteTitle "IM"]
[BlackTitle "FM"]
[WhiteElo "2450"]
[BlackElo "2262"]
[WhiteFideId "322202"]
[BlackFideId "35017152"]
[EventDate "2025.06.24"]

1. d4 Nf6 2. Nf3 g6 3. Bg5 Bg7 4. Nbd2 d5 5. e3 O-O 6. Bd3 c5 7. c3 cxd4 8. exd4
Nc6 9. O-O Bg4 10. h3 Bxf3 11. Nxf3 Rc8 12. Re1 e6 13. Qd2 Re8 14. Ne5 a6 15.
Qf4 Qe7 16. Ng4 Nh5 17. Qd2 f6 18. Be3 f5 19. Nh2 Qf8 20. Qd1 b5 21. a3 Nf6 22.
Nf3 Ne4 23. a4 Rb8 24. axb5 axb5 25. Ra6 Rec8 26. Bf4 Rb7 27. Nd2 b4 28. Bxe4
fxe4 29. Qg4 Qf5 30. Qxf5 exf5 31. Rea1 bxc3 32. bxc3 h6 33. Nf1 g5 34. Bd6 Nd8
35. Ne3 Rxc3 36. Nxd5 Bxd4 37. Nxc3 Bxc3 38. Rd1 Rd7 39. Kf1 Nf7 40. Ke2 Kh7 41.
Bb8 Rb7 42. Ra7 Rxa7 43. Bxa7 Ne5 44. Bd4 Bxd4 45. Rxd4 Nd3 46. g4 Nf4+ 47. Kd2
Nxh3 48. gxf5 Nxf2 49. Rd7+ Kg8 50. Ke3 Ng4+ 51. Kd4 1-0

[Event "Titled Tue 24th Jun Late"]
[Site "chess.com INT"]
[Date "2025.06.24"]
[Round "3"]
[White "Anakok, Deniz"]
[Black "Gogolev, Artem"]
[Result "0-1"]
[WhiteTitle "CM"]
[BlackTitle "IM"]
[WhiteElo "2058"]
[BlackElo "2240"]
[WhiteFideId "51603586"]
[BlackFideId "4116615"]
[EventDate "2025.06.24"]

1. e4 c6 2. Nc3 d5 3. Nf3 dxe4 4. Nxe4 Nf6 5. Qe2 Nxe4 6. Qxe4 Nd7 7. Bc4 Nf6 8.
Ne5 e6 9. Qe2 b5 10. Bd3 Qc7 11. O-O Bd6 12. f4 Nd5 13. g3 h5 14. h4 Bb7 15. a4
a6 16. c3 Rd8 17. Bc2 b4 18. c4 Nf6 19. d4 c5 20. d5 O-O 21. dxe6 fxe6 22. Nf3
Rde8 23. Be3 e5 24. f5 e4 25. Ng5 Bxg3 26. Ne6 Qe5 27. Nxf8 Rxf8 28. Qg2 Ng4 29.
Rae1 Bxe1 30. Rxe1 Nxe3 31. Rxe3 Qd4 32. Qf2 Rxf5 33. Qxf5 Qxe3+ 34. Kg2 Qe2+
35. Kg3 Qe1+ 36. Kg2 e3+ 37. Be4 Qe2+ 38. Kg3 Bxe4 39. Qxe4 Qg4+ 40. Qxg4 hxg4
41. h5 Kf7 42. b3 Kf6 43. Kg2 Kg5 44. Kf1 g3 45. Ke2 g2 0-1

[Event "Titled Tue 24th Jun Late"]
[Site "chess.com INT"]
[Date "2025.06.24"]
[Round "3"]
[White "Jagodzinski, Piotr"]
[Black "Fernandez Bustamante, Leancy B."]
[Result "1-0"]
[WhiteTitle "CM"]
[BlackTitle "WFM"]
[WhiteElo "2239"]
[BlackElo "2130"]
[WhiteFideId "1136593"]
[BlackFideId "3523870"]
[EventDate "2025.06.24"]

1. Nf3 c5 2. b3 d6 3. Bb2 e5 4. e3 Nc6 5. Bb5 Nf6 6. O-O Be7 7. d4 e4 8. d5 exf3
9. dxc6 O-O 10. Qxf3 bxc6 11. Bxc6 Rb8 12. Nd2 d5 13. c4 Bg4 14. Qg3 Rc8 15.
cxd5 Bh5 16. Nc4 Bg6 17. Rad1 Ne4 18. Qf3 Nd6 19. Nxd6 Bxd6 20. e4 Qg5 21. Rde1
f6 22. Bd7 Rc7 23. Be6+ Kh8 24. g3 a5 25. Bc1 Bh5 26. Qf5 Qxf5 27. Bxf5 Bf7 28.
Bd2 a4 29. bxa4 c4 30. Rc1 Be5 31. Bc3 Rb8 32. Bxe5 fxe5 33. Rb1 Rxb1 34. Rxb1
g6 35. Be6 Bxe6 36. dxe6 Kg7 37. a5 Kf6 38. a6 Kxe6 39. Kf1 c3 40. Ke2 Kd6 41.
Kd3 Rc6 42. a7 Ra6 43. Rb6+ Rxb6 44. a8=Q Rc6 45. Qd8+ Ke6 46. Qd5+ Ke7 47. Qxc6 1-0

[Event "Titled Tue 24th Jun Late"]
[Site "chess.com INT"]
[Date "2025.06.24"]
[Round "3"]
[White "Rajaram, Rohan"]
[Black "Nguyen, Ngoc Truong Son"]
[Result "1-0"]
[WhiteTitle "CM"]
[BlackTitle "GM"]
[WhiteElo "2164"]
[BlackElo "2600"]
[WhiteFideId "30940729"]
[BlackFideId "12401110"]
[EventDate "2025.06.24"]

1. c4 e6 2. Nf3 d5 3. e3 Nf6 4. b3 Be7 5. Bb2 O-O 6. Be2 c5 7. O-O b6 8. d4 Bb7
9. Nbd2 Nc6 10. a3 Re8 11. Bd3 cxd4 12. Nxd4 Rc8 13. cxd5 Nxd4 14. Bxd4 Qxd5 15.
Qf3 Red8 16. Qxd5 Nxd5 17. Be4 Ba6 18. Rfc1 Rxc1+ 19. Rxc1 Nf4 20. Bf3 Ne2+ 21.
Bxe2 Bxe2 22. Rc7 e5 23. Rxe7 exd4 24. exd4 Bd3 25. Re3 Bf5 26. h3 Be6 27. Nf3
Rc8 28. Ng5 Bd5 29. Re7 h6 30. Ne4 a5 31. Kh2 Rc2 32. f3 Bxb3 33. Rb7 a4 34.
Rxb6 Bd5 35. Rb4 Bb3 36. Nc5 Bd5 37. Kg3 Ra2 38. Rxa4 g5 39. Ne4 1-0

[Event "Titled Tue 24th Jun Late"]
[Site "chess.com INT"]
[Date "2025.06.24"]
[Round "3"]
[White "Krzywda, Andrzej"]
[Black "Meruga, Shanmukha"]
[Result "0-1"]
[WhiteTitle "CM"]
[WhiteElo "2175"]
[BlackElo "1985"]
[WhiteFideId "1114565"]
[BlackFideId "30908183"]
[EventDate "2025.06.24"]

1. e4 e5 2. Bc4 Nf6 3. d3 Bc5 4. Nf3 d6 5. c3 Be6 6. Nbd2 Bxc4 7. Nxc4 c6 8. b4
Bb6 9. Nxb6 axb6 10. a4 Nbd7 11. Be3 O-O 12. h3 Ne8 13. O-O f5 14. exf5 Rxf5 15.
Nd2 Qf6 16. Qg4 Qe6 17. Nc4 Nef6 18. Qg3 d5 19. Nxb6 Nxb6 20. Bxb6 Rf8 21. Rae1
Nh5 22. Qg4 Nf4 23. Re3 Qf6 24. Rg3 h6 25. a5 Rg5 26. Qf3 Nxh3+ 27. Rxh3 Qxf3
28. Rxf3 Rxf3 29. Be3 Rg6 30. a6 bxa6 31. Ra1 d4 32. Kf1 Rf5 33. cxd4 exd4 34.
Bxd4 Rd6 35. Bc5 Rxd3 36. Rxa6 Rf6 37. Ke2 Rb3 38. g3 Re6+ 39. Kf1 Rd3 40. Kg2
Kh7 41. Ra7 h5 42. Ra6 Rg6 43. Kh3 Rd1 44. Be3 Rh1+ 45. Kg2 Rb1 46. Bc5 h4 47.
Kh3 hxg3 48. fxg3 Rb3 49. Bf2 Rxb4 50. Ra5 Rb2 51. Be3 Rb3 52. Bf4 Rc3 53. Rh5+
Kg8 54. Re5 c5 55. Re8+ Kf7 56. Rc8 c4 57. Rc7+ Ke6 58. Kh4 Kd5 59. Kh5 Rgxg3
60. Bxg3 Rxg3 61. Kh4 Rg1 62. Kh3 g5 63. Kh2 Re1 64. Rg7 Re5 65. Kg3 c3 66. Rc7
Kd4 67. Kf2 Rc5 0-1

[Event "Titled Tue 24th Jun Late"]
[Site "chess.com INT"]
[Date "2025.06.24"]
[Round "3"]
[White "Gubajdullin, Alexei"]
[Black "Bezuch, Martin"]
[Result "1-0"]
[WhiteTitle "FM"]
[BlackTitle "FM"]
[WhiteElo "2233"]
[BlackElo "2238"]
[WhiteFideId "4141202"]
[BlackFideId "14906333"]
[EventDate "2025.06.24"]

1. Nf3 g6 2. g3 Bg7 3. Bg2 Nf6 4. O-O O-O 5. d3 d6 6. Nbd2 e5 7. e4 Re8 8. Ng5
h6 9. Nh3 d5 10. f4 dxe4 11. dxe4 exf4 12. Nxf4 Ng4 13. c3 c6 14. Nc4 Qe7 15.
Qd6 Bf8 16. Qxe7 Bxe7 17. e5 Bc5+ 18. Kh1 Nf2+ 19. Rxf2 Bxf2 20. Nd6 Rxe5 21.
Nd3 Re7 22. Nxc8 Re8 23. Nd6 Rd8 24. Nxf2 Rxd6 25. Bxh6 Nd7 26. Ne4 Re6 27. Rd1
Nf8 28. Bf3 Rae8 29. Nf2 Nh7 30. h4 Re1+ 31. Kg2 Rxd1 32. Bxd1 f6 33. Bb3+ Kh8
34. Bc1 Re1 35. Bd1 Kg7 36. Bd2 Re6 37. Bb3 Rd6 38. Bf4 Rd7 39. Kf3 Nf8 40. Be3
a5 41. Ne4 b5 42. a3 a4 43. Bc2 Re7 44. Nc5 Nd7 45. Nxd7 Rxd7 46. Be4 Rd6 47.
Bc5 Re6 48. Kf4 Kh6 49. Be3 Kg7 50. Kf3 f5 51. Bd4+ Kf7 52. Bc2 Ke7 53. Bc5+ Kd7
54. h5 Re5 55. Bd4 Rd5 56. hxg6 c5 57. g7 cxd4 58. g8=Q d3 59. Qxd5+ Kc7 1-0

[Event "Titled Tue 24th Jun Late"]
[Site "chess.com INT"]
[Date "2025.06.24"]
[Round "3"]
[White "Morris-Suzuki, Alan H"]
[Black "Radionov, Timur"]
[Result "1-0"]
[BlackTitle "FM"]
[WhiteElo "1987"]
[BlackElo "2200"]
[WhiteFideId "30933218"]
[BlackFideId "34178772"]
[EventDate "2025.06.24"]

1. Nf3 Nf6 2. g3 g6 3. Bg2 Bg7 4. O-O c6 5. d3 d5 6. Nbd2 O-O 7. e4 Bg4 8. e5
Nfd7 9. d4 c5 10. c3 cxd4 11. cxd4 Nc6 12. h3 Bxf3 13. Nxf3 e6 14. Bg5 f6 15.
exf6 Bxf6 16. h4 Qb6 17. Be3 Na5 18. b3 Nc6 19. Re1 Rfe8 20. Ne5 Qd8 21. f4
Ndxe5 22. fxe5 Bg7 23. Qg4 Rc8 24. h5 Ne7 25. Qxe6+ Kh8 26. h6 Bxh6 27. Bxh6 Nf5
28. Qxd5 Nxh6 29. Rad1 Nf5 30. Qxb7 Nxg3 31. Rd3 Qg5 32. Qf3 Nf5 33. d5 Rc2 34.
Re2 Nh4 35. Rxc2 Nxf3+ 36. Rxf3 Qxe5 37. Rd3 Qe1+ 38. Bf1 Re5 39. Rf2 Rg5+ 40.
Rg2 Rxg2+ 41. Kxg2 Qe4+ 42. Kg1 Qg4+ 43. Kf2 Qf4+ 44. Ke2 Qd6 45. Bg2 Qe5+ 46.
Re3 Qb2+ 47. Kf3 Qxa2 48. Rd3 1-0

[Event "Titled Tue 24th Jun Late"]
[Site "chess.com INT"]
[Date "2025.06.24"]
[Round "3"]
[White "Gorbenko, Rustem"]
[Black "Ladan, Nicholas"]
[Result "0-1"]
[WhiteTitle "CM"]
[WhiteElo "2201"]
[BlackElo "2218"]
[WhiteFideId "14111438"]
[BlackFideId "30918855"]
[EventDate "2025.06.24"]

1. d4 d5 2. c4 e6 3. Nc3 Bb4 4. Qa4+ Nc6 5. Nf3 Nf6 6. e3 O-O 7. Qc2 b6 8. cxd5
exd5 9. Bd3 a5 10. O-O Ba6 11. Bxa6 Rxa6 12. Bd2 Ne7 13. Nb5 c6 14. Nc3 Bxc3 15.
bxc3 b5 16. a4 Ne4 17. Rfb1 Nd6 18. Ne5 Nec8 19. Nd3 Nb6 20. Nc5 Ra8 21. axb5
cxb5 22. f3 Nbc4 23. Nb3 Re8 24. Qd3 Qf6 25. Nc5 Qh6 26. e4 Qxd2 27. exd5 Qxd3
28. Nxd3 Re3 29. Nc5 Rxc3 30. Ne4 Rd3 31. Rd1 Rxd1+ 32. Rxd1 a4 33. Ra1 a3 34.
Kf2 a2 35. Ke2 b4 36. Kd3 b3 37. Nxd6 Nxd6 38. Kc3 Nb5+ 39. Kxb3 Nxd4+ 40. Kb2
Nb5 41. Rc1 Kf8 42. Ka1 Ke7 43. Rc5 Nd4 44. Rc3 Kd6 45. g4 Kxd5 46. h4 f5 47.
gxf5 Nxf5 48. h5 h6 49. f4 Nd4 50. f5 Nxf5 51. Rd3+ Ke4 52. Rb3 Kf4 53. Rb4+ Kg5
54. Rb5 Ra4 55. Rc5 Kg4 56. Rb5 Ng3 57. Rb2 Nxh5 58. Rg2+ Ng3 59. Rg1 h5 60. Rg2
h4 61. Rg1 h3 62. Rc1 h2 63. Rh1 Nxh1 64. Kb2 a1=Q+ 0-1

[Event "Titled Tue 24th Jun Late"]
[Site "chess.com INT"]
[Date "2025.06.24"]
[Round "3"]
[White "Tikhonov, Viacheslav"]
[Black "Bacrot, Etienne"]
[Result "0-1"]
[WhiteTitle "CM"]
[BlackTitle "GM"]
[WhiteElo "2183"]
[BlackElo "2633"]
[WhiteFideId "44196407"]
[BlackFideId "605506"]
[EventDate "2025.06.24"]

1. e4 c5 2. Nf3 e6 3. b3 d5 4. exd5 exd5 5. Bb5+ Bd7 6. Bxd7+ Qxd7 7. O-O Nc6 8.
Re1+ Nge7 9. d4 cxd4 10. Nxd4 O-O-O 11. Nc3 Nxd4 12. Qxd4 Nc6 13. Qd3 Bc5 14.
Na4 Rhe8 15. Bg5 Be7 16. Bxe7 Rxe7 17. Nc5 Qd6 18. Rxe7 Qxe7 19. Qf5+ Kb8 20.
Qf4+ Qc7 21. Qxc7+ Kxc7 22. Rd1 b6 23. Nd3 Kd6 24. Kf1 Rc8 25. c3 Ne7 26. Rc1 g5
27. Ke2 Ng6 28. Kd2 Nh4 29. Ne1 Nf5 30. Nd3 f6 31. g3 h5 32. Re1 a5 33. a4 Rb8
34. Ra1 Kd7 35. h4 gxh4 36. gxh4 Kd6 37. Rg1 b5 38. axb5 Nxh4 39. Rh1 Nf3+ 40.
Ke3 Ne5 41. Rxh5 Rxb5 42. Nxe5 fxe5 43. Rh6+ Kc5 44. Ra6 Rxb3 45. Rxa5+ Kc4 46.
Ra4+ Kxc3 47. Ra5 Kb4+ 48. Ke2 Kxa5 0-1

[Event "Titled Tue 24th Jun Late"]
[Site "chess.com INT"]
[Date "2025.06.24"]
[Round "3"]
[White "Murzin, Volodar"]
[Black "Mekhitarian, Krikor Sevag"]
[Result "1-0"]
[WhiteTitle "GM"]
[BlackTitle "GM"]
[WhiteElo "2666"]
[BlackElo "2564"]
[WhiteFideId "44155573"]
[BlackFideId "2107660"]
[EventDate "2025.06.24"]

1. e4 c5 2. Nf3 Nc6 3. Bb5 Nf6 4. Nc3 Qc7 5. O-O Nd4 6. h3 a6 7. Be2 e6 8. d3
Nxe2+ 9. Qxe2 d6 10. Bf4 Be7 11. a4 b6 12. e5 dxe5 13. Bxe5 Qc6 14. d4 O-O 15.
Rad1 cxd4 16. Rxd4 Bb7 17. Rc4 Qe8 18. Rc7 Bc6 19. Nd4 Bd7 20. Rb7 Rc8 21. Rxb6
Rxc3 22. bxc3 Nd5 23. Rxa6 Qc8 24. Ra7 Bc5 25. Qg4 g6 26. Ra5 Nxc3 27. Re1 Nd5
28. Nf3 Bb4 29. Rxd5 Bxe1 30. Rxd7 Qxd7 31. Nxe1 f6 32. Bb2 Rc8 33. Bxf6 Qc6 34.
Nf3 Qd5 35. c3 Kf7 36. Bd4 Qf5 37. Ne5+ Kg8 38. Qh4 g5 39. Qg3 Rf8 40. Qd3 Qf4
41. Qe3 Qf5 42. Kh2 h6 43. Ng4 Kh7 44. a5 Kg6 45. a6 h5 46. Ne5+ Kh7 47. a7 g4
48. hxg4 hxg4 49. Qd3 1-0

[Event "Titled Tue 24th Jun Late"]
[Site "chess.com INT"]
[Date "2025.06.24"]
[Round "3"]
[White "Sivakumar, Shaashwath"]
[Black "Gattani, Sarthak"]
[Result "0-1"]
[WhiteTitle "FM"]
[WhiteElo "2216"]
[BlackElo "1944"]
[WhiteFideId "30912156"]
[BlackFideId "30995965"]
[EventDate "2025.06.24"]

1. d4 d5 2. c4 e6 3. Nf3 Nf6 4. g3 Be7 5. Bg2 O-O 6. O-O c6 7. Qc2 b6 8. Rd1 Bb7
9. Nc3 Na6 10. a3 Qc8 11. b3 Rd8 12. e4 c5 13. exd5 exd5 14. Qe2 Bf8 15. Bg5 Ne4
16. Nxd5 Bxd5 17. Bxd8 Nc3 18. Qd3 Nxd1 19. cxd5 cxd4 20. Rxd1 Nc5 21. Qxd4 Nxb3
22. Qe3 Qc2 23. Rd3 Nc5 24. Ne1 Qb1 25. Rc3 Rxd8 26. Rc1 Qf5 27. Nc2 g6 28. Nd4
Qd7 29. Nc6 Re8 30. Qf4 Bd6 31. Qf3 Qf5 32. Qxf5 gxf5 33. Nxa7 f4 34. Nb5 Be5
35. Re1 fxg3 36. hxg3 Kf8 37. Kf1 Nd3 38. Rd1 Nc5 39. Rc1 Rd8 40. Rc4 f6 41. Rh4
Kg7 42. Nd4 Bxd4 43. Rxd4 Ne6 44. Rd1 Nc7 45. Ke2 Rd6 46. Rd4 f5 47. Kd3 Kf6 48.
Kc4 Ke5 0-1

[Event "Titled Tue 24th Jun Late"]
[Site "chess.com INT"]
[Date "2025.06.24"]
[Round "3"]
[White "Rogov, Matfey"]
[Black "Przybylski, Wojciech"]
[Result "1-0"]
[WhiteTitle "FM"]
[BlackTitle "FM"]
[WhiteElo "2348"]
[BlackElo "2340"]
[WhiteFideId "44191308"]
[BlackFideId "1117599"]
[EventDate "2025.06.24"]

1. e4 e5 2. Nf3 Nc6 3. Nc3 Nf6 4. d4 exd4 5. Nd5 d6 6. Nxd4 Nxd5 7. exd5 Ne5 8.
Bb5+ Bd7 9. Qe2 Be7 10. f4 Ng6 11. Bd3 O-O 12. Be3 Bf6 13. O-O-O Re8 14. Qd2
Nxf4 15. Bxf4 Bxd4 16. Bxh7+ Kxh7 17. Qxd4 Bf5 18. Rhe1 Qh4 19. g3 Qg4 20. Qc3
Rac8 21. h3 Qg6 22. g4 Be4 23. h4 Qxg4 24. Bd2 f6 25. h5 Bf3 26. Rg1 Qe4 27.
Rde1 Qxd5 28. Rxe8 Rxe8 29. h6 Re7 30. hxg7 Rxg7 31. Rf1 c6 32. b3 f5 33. Rxf3
Qe4 34. Re3 Qg4 35. Rh3+ Kg8 36. Kb2 d5 37. Re3 d4 38. Qc4+ Kh7 39. Re1 f4 40.
Rh1+ Kg6 41. Qxd4 Qf5 42. Rg1+ Kh5 43. Rxg7 f3 44. Qg1 Qh3 45. Rh7# 1-0

[Event "Titled Tue 24th Jun Late"]
[Site "chess.com INT"]
[Date "2025.06.24"]
[Round "3"]
[White "Hovakimyan, Vache"]
[Black "Tang, Zoey"]
[Result "0-1"]
[WhiteTitle "FM"]
[BlackTitle "FM"]
[WhiteElo "2287"]
[BlackElo "2356"]
[WhiteFideId "13317288"]
[BlackFideId "30952530"]
[EventDate "2025.06.24"]

1. Nf3 Nf6 2. g3 g6 3. Bg2 Bg7 4. d4 d5 5. c4 c6 6. Nc3 O-O 7. cxd5 cxd5 8. Ne5
Bf5 9. O-O Nc6 10. Nxc6 bxc6 11. Bf4 Ne4 12. Rc1 Qb6 13. Na4 Qxd4 14. Qxd4 Bxd4
15. Rxc6 Rfc8 16. Rxc8+ Rxc8 17. Bxe4 Bxe4 18. Rc1 Rc2 19. Rxc2 Bxc2 20. Nc3 e6
21. Be3 Bxe3 22. fxe3 Kg7 23. Kf2 Kf6 24. Nb5 a6 25. Nc7 a5 26. Ke1 Ke5 27. Kd2
Bb1 28. a3 Ba2 29. Nb5 Bc4 30. Nd4 Kd6 31. b3 Ba6 32. b4 axb4 33. axb4 e5 34.
Nb3 f5 35. Nc5 Bc4 36. Nd3 e4 37. Ne1 Kc6 38. Nc2 g5 39. Kc3 Kd6 40. Nd4 Ke5 41.
b5 f4 42. exf4+ gxf4 43. gxf4+ Kxf4 44. b6 Ba6 45. Ne6+ Ke3 46. Nc5 d4+ 47. Kc2
Bc8 48. b7 Bxb7 49. Nxb7 Kxe2 50. Nc5 d3+ 51. Kb2 e3 52. Nb3 d2 53. Nd4+ Ke1 54.
Nc2+ Kf2 0-1

[Event "Titled Tue 24th Jun Late"]
[Site "chess.com INT"]
[Date "2025.06.24"]
[Round "3"]
[White "Nersisyan, Garnik"]
[Black "Lezcano, Gustavo"]
[Result "1-0"]
[WhiteTitle "CM"]
[WhiteElo "2035"]
[BlackElo "2007"]
[WhiteFideId "13300741"]
[BlackFideId "103306"]
[EventDate "2025.06.24"]

1. e4 e6 2. d3 d5 3. Nc3 Nf6 4. Bg5 Bb4 5. exd5 Qxd5 6. Bd2 Qd8 7. Nf3 O-O 8.
Ne4 Be7 9. Be2 b6 10. Bc3 Bb7 11. Nxf6+ Bxf6 12. O-O Bxc3 13. bxc3 Nd7 14. Nd4
a6 15. Bf3 Bxf3 16. Qxf3 Nf6 17. Nc6 Qd6 18. d4 Nd5 19. Ne5 f6 20. Ng4 Qc6 21.
Ne3 Qxc3 22. Nxd5 Qxf3 23. gxf3 exd5 24. Rfe1 Rfe8 25. Re3 Kf7 26. Rae1 c5 27.
dxc5 bxc5 28. Rd1 Red8 29. Rc3 Rac8 30. Rb1 Rc6 31. Rb7+ Kg8 32. Re3 Kh8 33.
Ree7 Rg8 34. Red7 d4 35. Kf1 h5 36. Rd5 Kh7 37. Rxh5+ Kg6 38. Rd5 Rh8 39. Kg2
Re8 40. Rdd7 Re2 41. Rxg7+ Kf5 42. h4 Rxc2 43. h5 d3 44. Rbd7 d2 45. Rg8 Ke6 46.
Rgd8 c4 47. h6 Rc8 48. h7 Rxd8 49. Rxd8 c3 50. h8=Q Rc1 51. Qe8+ Kf5 52. Rd5+
Kf4 53. Qe4# 1-0

[Event "Titled Tue 24th Jun Late"]
[Site "chess.com INT"]
[Date "2025.06.24"]
[Round "3"]
[White "Slovineanu, Viacheslav"]
[Black "Martinez Alcantara, Jose Eduardo"]
[Result "1/2-1/2"]
[WhiteTitle "IM"]
[BlackTitle "GM"]
[WhiteElo "2412"]
[BlackElo "2611"]
[WhiteFideId "13900510"]
[BlackFideId "3805662"]
[EventDate "2025.06.24"]

1. d4 c5 2. d5 d6 3. e4 e5 4. f4 Nd7 5. Nf3 exf4 6. Bxf4 Ngf6 7. Nbd2 Be7 8. Bd3
Nh5 9. Be3 Bh4+ 10. Nxh4 Qxh4+ 11. Bf2 Qg5 12. O-O Ne5 13. Nf3 Nxf3+ 14. Qxf3
O-O 15. Be3 Qe5 16. c3 Bd7 17. a4 Rae8 18. a5 a6 19. Rae1 Bb5 20. Bxb5 axb5 21.
g4 Nf6 22. Bf4 Qe7 23. Bg5 Ra8 24. Bxf6 gxf6 25. Qxf6 Qxf6 26. Rxf6 Rfd8 27. b4
Rac8 28. e5 cxb4 29. cxb4 Rc4 30. Rxd6 Rxg4+ 31. Kf2 Rc8 32. e6 fxe6 33. dxe6
Rxb4 34. Rg1+ Kf8 35. Rd7 Rf4+ 36. Ke3 Rf6 37. Rxh7 Rxe6+ 38. Kf4 Rc2 39. Rgg7
Rf2+ 40. Kg3 Rf5 41. Rxb7 Rg6+ 42. Kh4 Kg8 43. Rhc7 Rf8 44. Kh5 Rg2 45. h4 b4
46. a6 Rf5+ 47. Kh6 Rf6+ 48. Kh5 Rf8 49. a7 Rf5+ 50. Kh6 Rf6+ 51. Kh5 Rf5+ 52.
Kh6 Rf6+ 53. Kh5 Rf5+ 1/2-1/2

[Event "Titled Tue 24th Jun Late"]
[Site "chess.com INT"]
[Date "2025.06.24"]
[Round "3"]
[White "Kadam, Om Manish"]
[Black "Rao, Anjaneya Sripathy"]
[Result "0-1"]
[WhiteTitle "FM"]
[BlackTitle "CM"]
[WhiteElo "2321"]
[BlackElo "2217"]
[WhiteFideId "45076294"]
[BlackFideId "30954770"]
[EventDate "2025.06.24"]

1. Nf3 d5 2. g3 Nf6 3. Bg2 e6 4. O-O Be7 5. b3 O-O 6. Bb2 b6 7. d3 Bb7 8. Nbd2
c5 9. c4 d4 10. Qc2 Nc6 11. a3 Qd7 12. Rad1 Rad8 13. Ne4 Nxe4 14. dxe4 e5 15.
Ne1 Rde8 16. Bc1 Nd8 17. e3 f5 18. exd4 exd4 19. e5 Bxg2 20. Kxg2 Nc6 21. f4 Qb7
22. Kg1 Rd8 23. Nd3 h5 24. Qe2 g6 25. Qf3 Na5 26. Qxb7 Nxb7 27. Bd2 Rc8 28. Kg2
a6 29. Rc1 b5 30. Kf3 Kf7 31. Rc2 Rc7 32. Rfc1 Rfc8 33. Be1 Ke6 34. Bf2 Bd8 35.
Ke2 g5 36. fxg5 Bxg5 37. Re1 Na5 38. cxb5 axb5 39. b4 cxb4 40. Rxc7 Rxc7 41.
axb4 Rc2+ 42. Kf3 Nb3 43. h4 Bh6 44. Bg1 Nd2+ 45. Ke2 Ne4+ 46. Kf3 Bd2 47. Nf4+
Bxf4 48. gxf4 Nd2+ 49. Ke2 Nc4+ 50. Kd3 Rd2# 0-1

[Event "Titled Tue 24th Jun Late"]
[Site "chess.com INT"]
[Date "2025.06.24"]
[Round "3"]
[White "Sitbon, Itay"]
[Black "Hartge, Gedeon"]
[Result "1-0"]
[BlackTitle "FM"]
[WhiteElo "2206"]
[BlackElo "2328"]
[WhiteFideId "2820706"]
[BlackFideId "12932116"]
[EventDate "2025.06.24"]

1. e4 c5 2. d4 cxd4 3. c3 g6 4. cxd4 d5 5. e5 Nc6 6. Nc3 Nh6 7. Bb5 Bg7 8. Nf3
O-O 9. Bxc6 bxc6 10. O-O Bg4 11. h3 Bxf3 12. Qxf3 Nf5 13. Qd3 e6 14. Na4 Qa5 15.
b3 Rfc8 16. Ba3 Qb5 17. Rfd1 Qxd3 18. Rxd3 Nxd4 19. Rxd4 Bxe5 20. Bc5 Re8 21. f4
Bxd4+ 22. Bxd4 a5 23. Rc1 Ra6 24. Nc5 Raa8 25. Nd7 Red8 26. Nf6+ Kg7 27. Rxc6
Rac8 28. Nxd5+ Kh6 29. Rxc8 Rxc8 30. Nc3 g5 31. g3 gxf4 32. gxf4 Kg6 33. Kf2 Kf5
34. Ke3 Rg8 35. Ne2 a4 36. b4 Rb8 37. Bc5 a3 38. b5 e5 39. b6 exf4+ 40. Nxf4 Ke5
41. Nd3+ Kd5 42. Bd4 Re8+ 43. Ne5 f6 44. b7 fxe5 45. Ba7 Kc4 46. b8=Q Rxb8 47.
Bxb8 Kc3 48. Bxe5+ Kc2 49. Bd6 Kb2 50. Kf4 Kxa2 51. Kg5 Kb3 52. Kh6 a2 53. Be5
Kc4 54. Kxh7 Kd5 55. Ba1 Ke6 56. Kg6 1-0

[Event "Titled Tue 24th Jun Late"]
[Site "chess.com INT"]
[Date "2025.06.24"]
[Round "3"]
[White "Ward, Ieuan C"]
[Black "Holinka, Henning"]
[Result "0-1"]
[BlackTitle "FM"]
[WhiteElo "2043"]
[BlackElo "2303"]
[WhiteFideId "406627"]
[BlackFideId "12967084"]
[EventDate "2025.06.24"]

1. d4 d5 2. c4 c5 3. cxd5 Qxd5 4. Nf3 cxd4 5. Nc3 Qa5 6. Nxd4 e5 7. Nb3 Qc7 8.
e4 Bb4 9. Bd2 Nf6 10. Bd3 O-O 11. O-O Rd8 12. Qe2 Nc6 13. Rac1 Be6 14. Rfd1 Bxc3
15. Bxc3 Bxb3 16. axb3 Qb6 17. Bc4 Nd4 18. Bxd4 Rxd4 19. Rxd4 Qxd4 20. Rd1 Qc5
21. h3 h6 22. Qd3 a6 23. Bd5 Qb4 24. Qc4 Qxc4 25. bxc4 Rb8 26. b4 Kf8 27. f3 Ke7
28. Kf2 Ne8 29. c5 b6 30. Ra1 bxc5 31. bxc5 Nc7 32. Bc4 f6 33. Ra2 Ra8 34. Rb2
Ra7 35. c6 Kd6 36. Rb7 Ra8 37. Bd5 a5 38. Ke2 a4 39. Rb2 a3 40. Ra2 Nb5 41. Kd3
Kc7 42. Kc4 Kb6 43. Kb4 Ra7 44. Kb3 Kc5 45. Rc2+ Kd6 46. Ra2 Nd4+ 47. Kc4 Ra4+
48. Kc3 Nxc6 49. Bxc6 Kxc6 50. Kb3 Ra5 51. Rxa3 Rxa3+ 52. Kxa3 Kc5 53. Kb3 Kd4
54. Kc2 Ke3 55. Kd1 Kf2 56. Kd2 Kxg2 57. Ke3 Kxh3 58. f4 Kg3 59. f5 h5 0-1

[Event "Titled Tue 24th Jun Late"]
[Site "chess.com INT"]
[Date "2025.06.24"]
[Round "3"]
[White "Sharankov, Grigory"]
[Black "Ragger, Markus"]
[Result "0-1"]
[WhiteTitle "CM"]
[BlackTitle "GM"]
[WhiteElo "2238"]
[BlackElo "2566"]
[WhiteFideId "4168356"]
[BlackFideId "1610856"]
[EventDate "2025.06.24"]

1. d4 Nf6 2. Nf3 g6 3. g3 Bg7 4. Bg2 O-O 5. O-O c5 6. d5 d6 7. Nc3 Na6 8. Re1
Nc7 9. a4 a6 10. e4 Bg4 11. a5 Nb5 12. h3 Nxc3 13. bxc3 Bxf3 14. Bxf3 Nd7 15.
Ra3 b5 16. Bg2 c4 17. Be3 Qc7 18. Qd2 Nc5 19. f4 Na4 20. Bd4 Qxa5 21. e5 Qc7 22.
h4 Rad8 23. h5 dxe5 24. fxe5 Qd7 25. h6 Bh8 26. Qg5 f6 27. Qe3 fxe5 28. Bxe5 Bf6
29. Kh2 Qf5 30. Bf4 g5 31. Bc7 Qg6 32. Rh1 Qxh6+ 33. Kg1 Qg7 34. Bxd8 Rxd8 35.
Be4 h6 36. Qf3 Bxc3 37. Qf5 Bd4+ 38. Kg2 Rf8 39. Qe6+ Rf7 40. Bg6 Nc5 41. Bxf7+
Qxf7 42. Qxf7+ Kxf7 43. Rf3+ Ke8 44. Rxh6 b4 45. d6 b3 46. cxb3 cxb3 47. d7+
Kxd7 48. Rb6 b2 49. Rb8 a5 50. Ra3 a4 51. Ra2 Nb3 52. Rxa4 b1=Q 0-1

[Event "Titled Tue 24th Jun Late"]
[Site "chess.com INT"]
[Date "2025.06.24"]
[Round "3"]
[White "Shymanskyi, Oleksandr"]
[Black "Askarov, Bakhtiyar"]
[Result "0-1"]
[WhiteTitle "FM"]
[BlackTitle "IM"]
[WhiteElo "2218"]
[BlackElo "2297"]
[WhiteFideId "14168880"]
[BlackFideId "13701100"]
[EventDate "2025.06.24"]

1. e4 c5 2. Nf3 Nc6 3. Bb5 e6 4. Bxc6 bxc6 5. O-O Ne7 6. d3 Ng6 7. e5 Be7 8. Re1
O-O 9. Nbd2 f6 10. Nc4 Ba6 11. exf6 gxf6 12. Bh6 Rf7 13. h4 d5 14. Ncd2 e5 15.
h5 Nf8 16. Nh4 Bc8 17. Qf3 Qd7 18. Nf1 Ne6 19. Nf5 Nd4 20. Nxd4 cxd4 21. Ng3 Qg4
22. Qxg4+ Bxg4 23. f3 Be6 24. f4 Bd6 25. Rf1 Bg4 26. fxe5 fxe5 27. Rxf7 Kxf7 28.
Rf1+ Ke6 29. Bg7 Be7 30. Re1 Bf6 31. Bxf6 Kxf6 32. Rf1+ Ke6 33. Kh2 a5 34. a4
Rb8 35. b3 Rg8 36. h6 c5 37. Kg1 Rc8 38. Rf2 Rb8 39. Nf1 Ke7 40. Ng3 Rf8 41. Rd2
Ke6 42. Rf2 Rxf2 43. Kxf2 Bd1 44. Ke1 Bxc2 45. Kd2 Bxb3 46. Nh5 c4 47. g4 Bxa4
48. g5 Be8 49. Nf6 Bg6 50. dxc4 dxc4 51. Ng4 c3+ 52. Kc1 d3 53. Kd1 d2 0-1